| 000 | 01070cab a22003015a 4500 | ||
|---|---|---|---|
| 001 | L159922 | ||
| 008 | 150113e2017 xxk 000 0 eng d | ||
| 035 | _a(Sirsi) u159922 | ||
| 041 | 0 | _aeng | |
| 050 | _a690.25 $2 18 | ||
| 100 | 1 | _aKing, Vivien | |
| 245 | 0 | 0 |
_aBranching out _h[electronic resource] |
| 260 |
_aLondon _bRICS _c2017 |
||
| 490 |
_aRICS Building Surveying Journal _vMarch - April 2017, 13(1) |
||
| 520 | _aConsiders some cases concerning damage caused by trees | ||
| 650 | 2 | 4 | _aTREES |
| 650 | 2 | 4 | _aBUILT ENVIRONMENT-BUILDING PATHOLOGY-SUBSIDENCE |
| 650 | 2 | 4 | _aCHAPMAN V BARKING AND DAGENHAM LBC |
| 650 | 2 | 4 | _aQUEEN V SHEFFIELD CC AND ANOTHER |
| 650 | 2 | 4 | _aSTAGECOACH SW TRAINS V KATHLEEN HIND AND ANOTHER |
| 650 | 2 | 4 | _aQUINN V SCOTT |
| 650 | 2 | 4 | _aDELAWARE MANSIONS LTD AND OTHERS V WESTMINSTER CITY COUNCIL |
| 651 | 4 |
_aUnited Kingdom _y |
|
| 690 | _aBUILT ENVIRONMENT-BUILDING PATHOLOGY | ||
| 856 | 4 | 0 |
_uhttps://issuu.com/ricsmodus/docs/building_surveying_journal_march_ap _yAvailable free online via Issuu |
| 856 | 4 | 0 |
_u _z |
| 942 | _n0 | ||
| 999 |
_c85067 _d85067 |
||